Países que Limitan con Zambia - Estadísticas

Estadísticas generales
  • Esta prueba ha sido intentada 17 veces
  • La puntuación promedio es 8 de 8
Estadísticas de respuestas
Longitud País % Correcto
0,15 km Botsuana
100%
1.930 km R. D. del Congo
100%
338 km Tanzania
100%
797 km Zimbabue
100%
1.110 km Angola
93%
419 km Mozambique
93%
233 km Namibia
93%
837 km Malaui
80%
No se encontraron pruebas coincidentes
Distribución de puntuación
Porcentaje de gente con cada puntuación
Porcentaje por número respondido
Historial de tus puntuaciones
No has intentado esta prueba.